000 01203cab a22002295a 4500
001 L141877
008 080104e20071214xxk f 000 0 eng d
035 _a(Sirsi) u141877
041 0 _aeng
100 1 _aJackson, David
245 0 0 _aUnrestricted development
260 _c2007
490 _aSolicitors' Journal
_v151(47) 14 December 2007, 1584-1585(2)
520 _aConsiders implications of the ruling made in the case of Lawntown Ltd v Mr and Mrs Camenzuli (L140998). Developers are able to overcome restrictive covenants to convert single properties into multiple units. Under section 84 of the Law of Property Act 1925, an application needs to be made to the Lands Tribunal. Provides an overview of the specific conditions which need to be met. Alternatively, an application can be made under section 610 of the Housing Act 1985. Also provides an overview of this section's conditions. These may be less stringent, but this Act provides a narrower scope.
590 _aKA
650 2 4 _aLAWNTOWN LTD V CAMENZULI
650 2 4 _aHOUSING ACT 1985 S610
650 2 4 _aLAW OF PROPERTY ACT 1925
651 4 _aEngland and Wales
_y1543-
690 _aPlanning and development
_96259
942 _n0
999 _c79639
_d79639